000 00692nam a22001577a 4500
005 20250812101605.0
008 250812b |||||||| |||| 00| 0 eng d
050 _aTHE HF 5549.5 .C67 N93 2025
_bC.1
100 _aNyanchwa, Sibota Beatrice
245 _aDeterminants of Employee Welfare on Organizational Performance of Three Star Hotels in Kisii County, Kenya
260 _aKisii
_bKisii University
_c2025
300 _axviii, 85p.:ill.
500 _aIncludes bibliographical references
650 _a1. Employee welfare—Kenya. 2. Personnel management—Kenya. 3. Organizational effectiveness—Kenya. 4. Hospitality industry—Kenya. 5. Hotels—Employees—Kenya.
942 _2lcc
_cREF
999 _c216024
_d216024